Normal view
MARC view
- Sahay, Jagadishwar
Entry Personal Name
001 - CONTROL NUMBER
- control field: 6933
003 - CONTROL NUMBER IDENTIFIER
- control field: OSt
005 - DATE AND TIME OF LATEST TRANSACTION
- control field: 20250114112330.0
008 - FIXED-LENGTH DATA ELEMENTS
- fixed length control field: 250114|| aca||aabn | a|a d
040 ## - CATALOGING SOURCE
- Original cataloging agency: OSt
- Transcribing agency: OSt
100 ## - HEADING--PERSONAL NAME
- Personal name: Sahay, Jagadishwar
670 ## - SOURCE DATA FOUND
- Source citation: Work cat.: (OSt)19026: Sahay, Jagadishwar, Elements of Agricultural Engineering [Farm Power, Farm Machinery, Farm Processig, Farm Electricity], 2010.
